Quality of higher education in northeast india (Record no. 10306)

MARC details
000 -LEADER
fixed length control field 00549cam a2200205ua 4500
001 - CONTROL NUMBER
control field 11487
005 - DATE AND TIME OF LATEST TRANSACTION
control field 20260515114746.0
008 - FIXED-LENGTH DATA ELEMENTS--GENERAL INFORMATION
fixed length control field 190924n ii |||gr||||Z||||||eng
020 ## - INTERNATIONAL STANDARD BOOK NUMBER
International Standard Book Number 9789386302373
040 ## - CATALOGING SOURCE
Transcribing agency MAIN
041 ## - LANGUAGE CODE
Language code of text/sound track or separate title eng
082 ## - DEWEY DECIMAL CLASSIFICATION NUMBER
Classification number 378.5416
100 ## - MAIN ENTRY--PERSONAL NAME
Personal name Brinda Bazeley Kharbirymbai,
Relator term Editor.
245 ## - TITLE STATEMENT
Title Quality of higher education in northeast india
Statement of responsibility, etc. Ed by Brinda Bazeley Kharbirymbai
250 ## - EDITION STATEMENT
Edition statement 1st ed.
260 ## - PUBLICATION, DISTRIBUTION, ETC.
Place of publication, distribution, etc. Guwahati:
Name of publisher, distributor, etc. EBH publishers,
Date of publication, distribution, etc. 2018.
300 ## - PHYSICAL DESCRIPTION
Extent 342p.
653 ## - INDEX TERM--UNCONTROLLED
Uncontrolled term Higher education
942 ## - ADDED ENTRY ELEMENTS (KOHA)
Koha item type Books
Holdings
Withdrawn status Lost status Damaged status Not for loan Home library Current library Shelving location Date acquired Total checkouts Full call number Barcode Date last seen Copy number Price effective from Koha item type
        Naharkatiya College Library Naharkatiya College Library General stacks 09/19/2020   378.5416 higher education | QUA 26950 09/19/2020 1 09/19/2020 Books